| 000 | 00403nam a22001697a 4500 | ||
|---|---|---|---|
| 005 | 20160530143433.0 | ||
| 008 | 160530b xxu||||| |||| 00| 0 eng d | ||
| 020 | _a978-81-265-0913-3 | ||
| 041 | _aeng | ||
| 082 | _b6103 | ||
| 100 |
_aKumar, V and other _91544 |
||
| 245 | _aCustomer Relationship Mangement | ||
| 260 |
_bJohn Willy _c2009 |
||
| 300 | _a314 | ||
| 650 |
_aManagement _9241 |
||
| 942 | _cBK | ||
| 999 |
_c2179 _d2178 |
||